[Event "Madrid-ch Previa A"]
[Site "Madrid"]
[Date "2023.02.15"]
[Round "6.5"]
[White "Rodriguez Garcia, Jose Maria"]
[Black "Fernandez Garcia, Ignacio"]
[Result "0-1"]
[WhiteElo "1977"]
[BlackElo "1824"]
[PlyCount "102"]
[EventDate "2023.02.06"]
[EventType "swiss"]
[EventRounds "9"]
[EventCountry "ESP"]
[SourceTitle "EXT 2024"]
[Source "ChessBase"]
[SourceDate "2023.10.10"]
[SourceVersion "1"]
[SourceVersionDate "2023.10.10"]
[SourceQuality "1"]

1. d4 c5 2. e3 Nf6 3. Bd3 Nc6 4. c3 e5 5. dxc5 e4 6. Bc2 Bxc5 7. b4 Be7 8. Ne2 d5 9. 0-0 0-0 10. Nd2 Bd6 11. f4 Ng4 12. Nb3 Ne7 13. h3 Nf6 14. Nbd4 Bd7 15. Bd2 Qc8 16. Kh2 g5 17. Ng1 gxf4 18. exf4 Kh8 19. Be3 Qxc3 20. Qe2 Nf5 21. Nxf5 Bxf5 22. Rfd1 d4 23. Rac1 dxe3 24. Rxd6 Rad8 25. Rcd1 Rxd6 26. Rxd6 Rc8 27. Bb3 Ne8 28. Rd5 Be6 29. Re5 Bxb3 30. axb3 Nf6 31. Qb5 Qc6 32. Qe2 Qb6 33. Qb2 Kg8 34. Ne2 Rd8 35. Rg5+ Kf8 36. Rc5 Qd6 37. g3 Qd1 38. Rc2 Rd2 39. Rxd2 Qxd2 40. Qxf6 Qxe2+ 41. Kh1 Qd1+ 42. Kh2 e2 43. Qh8+ Ke7 44. Qe5+ Kd7 45. Qf5+ Kc7 46. Qc5+ Kd7 47. Qf5+ Kd8 48. Qf6+ Kc8 49. Qf5+ Qd7 50. Qxe4 Qe6 51. Qc2+ Kb8 0-1

[Event "Madrid-ch Previa-A"]
[Site "Madrid"]
[Date "2022.03.15"]
[Round "5"]
[White "Garcia Gonzalez, Pedro A"]
[Black "Rodriguez Garcia, Jose Maria"]
[Result "0-1"]
[WhiteElo "1710"]
[BlackElo "1963"]
[PlyCount "60"]
[EventDate "2022.03.07"]
[EventType "swiss"]
[EventRounds "9"]
[EventCountry "ESP"]
[SourceTitle "EXT 2023"]
[Source "ChessBase"]
[SourceDate "2022.10.05"]
[SourceVersion "1"]
[SourceVersionDate "2022.10.05"]
[SourceQuality "1"]

1. d4 d5 2. Nf3 Nf6 3. e3 g6 4. Nbd2 Bg7 5. b4 0-0 6. Bb2 Nbd7 7. c4 c6 8. Bd3 Re8 9. 0-0 e5 10. cxd5 e4 11. dxc6 bxc6 12. Be2 exf3 13. Bxf3 Nd5 14. b5 Bb7 15. bxc6 Bxc6 16. Rc1 Bb7 17. Nc4 N7b6 18. Na5 Ba6 19. Re1 Rc8 20. Qb3 Qd7 21. Rc5 Ne7 22. Rec1 Qa4 23. h3 Rxc5 24. Rxc5 Qxb3 25. axb3 Rc8 26. Ba3 Bf8 27. b4 Na4 28. Nc6 Nxc5 29. Nxa7 Rc7 30. bxc5 Rxa7 0-1

[Event "Madrid-ch Previa-A"]
[Site "Madrid"]
[Date "2022.03.09"]
[Round "3"]
[White "Ortega Molina, Tomas"]
[Black "Rodriguez Garcia, Jose Maria"]
[Result "0-1"]
[WhiteElo "1627"]
[BlackElo "1963"]
[PlyCount "138"]
[EventDate "2022.03.07"]
[EventType "swiss"]
[EventRounds "9"]
[EventCountry "ESP"]
[SourceTitle "EXT 2023"]
[Source "ChessBase"]
[SourceDate "2022.10.05"]
[SourceVersion "1"]
[SourceVersionDate "2022.10.05"]
[SourceQuality "1"]

1. c4 Nf6 2. Nc3 g6 3. g3 Bg7 4. Bg2 0-0 5. d3 d6 6. e4 e5 7. Nge2 h6 8. 0-0 c6 9. Bd2 a5 10. a3 Na6 11. Rb1 Nc5 12. Be3 Ng4 13. h3 Nxe3 14. fxe3 h5 15. d4 Nd7 16. d5 c5 17. Nb5 Nb6 18. b3 Bh6 19. Qd2 a4 20. Qd3 axb3 21. Qxb3 Ra6 22. Rf3 Na8 23. Rbf1 Nc7 24. Rf6 Ne8 25. R6f3 Qa5 26. Nec3 Qd8 27. Qc2 Qe7 28. Qf2 Bg5 29. Kh2 h4 30. g4 f6 31. a4 Kg7 32. Na3 Qd8 33. Nab5 Qa5 34. Rb1 Nc7 35. Nxc7 Qxc7 36. Nb5 Qa5 37. Qc2 Rd8 38. Nc3 Rb6 39. Rb5 Rxb5 40. axb5 Bd7 41. Qb2 Ra8 42. Bf1 Qa1 43. Qxa1 Rxa1 44. Be2 Rc1 45. Na4 Rc2 46. Rf2 Bxe3 47. Rg2 Bf4+ 48. Kh1 Rc1+ 49. Rg1 Rc2 50. Rg2 Kf7 51. Nb6 Ke7 52. Na8 Rc3 53. b6 Rxh3+ 54. Kg1 Be3+ 55. Rf2 Bxf2+ 56. Kxf2 Rh2+ 57. Ke1 Rxe2+ 58. Kxe2 Bxg4+ 59. Kf2 f5 60. exf5 Bxf5 61. Nc7 g5 62. Nb5 g4 63. Nc3 Bd3 64. Nd1 g3+ 65. Kf3 Kf6 66. Ne3 Kg5 67. Ng4 Be2+ 68. Kxe2 Kxg4 69. Kf1 h3 0-1

[Event "Galapagar op 05th"]
[Site "Galapagar"]
[Date "2004.07.25"]
[Round "2"]
[White "Rodriguez Garcia, Jose Maria"]
[Black "Julian Serra, Rogelio"]
[Result "1/2-1/2"]
[WhiteElo "2120"]
[BlackElo "1910"]
[PlyCount "23"]
[EventDate "2004.07.24"]
[EventType "swiss"]
[EventRounds "9"]
[EventCountry "ESP"]
[SourceTitle "CBM 101 Extra"]
[Source "ChessBase"]
[SourceDate "2004.09.01"]
[SourceVersion "2"]
[SourceVersionDate "2004.09.01"]
[SourceQuality "1"]

1. Nf3 Nf6 2. g3 d5 3. Bg2 c6 4. d3 Nbd7 5. Nbd2 e5 6. e4 dxe4 7. Nxe4 Nxe4 8. dxe4 Qb6 9. 0-0 Bc5 10. Qe2 0-0 11. b3 Re8 12. Bb2 1/2-1/2